Fiche brevet/bac -Figures de styles - Application - Statistiques

Statistiques générales
  • Ce quiz a été pris 522 fois
  • Le résultat moyen est 7 sur 24
Statistiques - réponses
Phrases Figures de style % Correct
La lampe brille comme une étoile. Comparaison
97%
« Les branches des arbres hurlaient sous l'effet du vent » Personnification
59%
« Obscure clarté » | mort-vivant Oxymore
56%
Elle nous a quitté Euphémisme
55%
Cet homme mesure 2,00 mètre. C’est un géant. Hyperbole
49%
»Va, je ne te hais point » Corneille « Le Cid » Litote
45%
« Paris, Paris outragé ! Paris brisé ! Paris martyrisé ! mais Paris libéré !… » Charles de Gaulle, Discours à l’Hôtel de ville de Paris le 25 août 1944 Anaphore
39%
La ville lumière| Le Roi Soleil | « L’astre au front d’argent » Lamartine « Lac » Périphrase
34%
Une obscurité tombait sur la clarté des étoiles. Antithèse
32%
« C'est un roc ! . .. c'est un pic ! . . . c'est un cap ! Que dis-je, c'est un cap ?. .. C'est une péninsule ! » Edmond Rostand Cyrano de Bergerac Gradation
30%
Je ne regarderai ni l’or du soir qui tombe, (Victor Hugo, «Demain dès l’aube ») Métaphore
28%
« Uncle Sam » aux USA Allégorie
26%
« Un roi chantait en bas, en haut mourait un Dieu. » Victor Hugo, « La légende des siècles, Booz endormi » Chiasme
25%
« L'ironie peut tuer, l'humour aide à vivre/ L'ironie veut dominer, l'humour libère/ L'ironie est impitoyable, l'humour est miséricordieux / L'ironie est humiliante, l'humour est humble » Comte-Sponville, « Petit traité des grandes vertus » Parallélisme
25%
Le théâtre attire encore le tout Paris | Socrate à bu la mort Métonymie
24%
C’est du propre! Antiphrase
22%
La terre était grise, le blé était gris, le ciel était gris (Giono) Répétition
20%
Les voiles descendent au loin vers Harfleur » Victor Hugo Synecdoque
20%
« Au ciel, aux vents, aux rocs, à la nuit, à la brume, Le sinistre océan jette son noir sanglot. » Hugo, Légende des siècles, Les Pauvres gens Accumulation
19%
Qui vole un ŒUF volé un BŒUF Paronomase
12%
Le nez de Cléopâtre, s’il eût été plus court, la face du monde en eût été changée. Anacoluthe
9%
Veni, vidi, vici (=Je suis venu, j’ai vu, j’ai vaincu) Asyndète
7%
Napoléon est le stratège Antonomase
4%
« Je t’aimais inconstant, qu’aurais-je fait fidèle » (sous-entendu « si tu avais été fidèle ») Jean Racine Éllipse
4%
Aucun quiz correspondant
Distribution des résultats
% des personnes avec chaque résultat
Percentile par nombre de réponses
Votre historique - résultats
Vous n’avez pas pris ce quiz